000 00895nam a22002417a 4500
001 5998
003 FISKH
005 20250225092208.0
008 250219b cb ||||| |||| 00| 0 eng d
020 _a9780702306969
_c$12.00
040 _aFISKH
_beng
_cFISKH
_dFISKH
050 _aPZ7
082 _a823.92
100 _aBurnell, Cerrie
245 _aUnicorn seekers:
_bThe map of lost unicorns /
_cCerrie Burnell
260 _aLondon :
_bScholastic,
_c2022.
300 _a150 pages :
_billustrations ;
_c20 cm
520 _aIn a world where magic is forgotten and unicorns walk the earth unseen, a young girl discovers she is a unicorn deeker - able to see unicorns and feel their magic. But while these exciting powers bring adventure, they also bring danger.
650 _aUnicorns
_vChildren's books
700 _aFleming, Lucy
_eillustrator
942 _2ddc
_cBK
_n0
999 _c5998
_d5998